| 000 | 01177cam a2200229 4500 | ||
|---|---|---|---|
| 001 | WB@3612-281 | ||
| 008 | 040722n2004 000 0 eng u | ||
| 035 | _a(Sirsi) u126907 | ||
| 245 | _aEnergy efficiency | ||
| 260 | _c2004 | ||
| 490 |
_aODPM News Release _v(2004/0175) 21 July 2004 (3) |
||
| 520 | _aA proposed shake-up of building regulations that could come into force by 2005 has been put forward by the ODPM. The new controls would be aimed at reducing the energy consumption of new buildings by 25% and implementing the Energy performance of buildings directive (2002/91/EC). Currently energy used in buildings is responsible for roughly half the UK's carbon dioxide emissions. Further information on the consultation can be found at: http://www.odpm.gov.uk/stellent/groups/odpm_contro l/documents/contentservertemplate/odpm_index.hcst? n=168&l=1. http://www.odpm.gov.uk/pns/DisplayPN.cgi?pn_id=200 4_0175 | ||
| 590 | _aWB | ||
| 590 | _aWB | ||
| 650 | _aNEW BUILDINGS | ||
| 650 | _aENERGY PERFORMANCE | ||
| 650 |
_aBUILDING REGULATIONS _96224 |
||
| 650 | _aENERGY SAVING | ||
| 650 | _aDIRECTIVE 2002/91/EC | ||
| 690 | _aENERGY-EFFICIENCY | ||
| 942 | _n0 | ||
| 999 |
_c117758 _d117758 |
||